| 000 | 02385cam a22004934i 4500 | ||
|---|---|---|---|
| 003 | PE-LiUPU | ||
| 005 | 20250731184511.0 | ||
| 008 | 150625s2001 r 000 0 d | ||
| 035 | _a(Sirsi) a163630 | ||
| 040 |
_aPE-LiUPU _bspa _cPE-LiUPU _erda |
||
| 082 | 0 | 4 |
_a985.15 _bI49 _221 |
| 100 | 1 |
_aIndacochea, Alejandro, _eautor. |
|
| 245 | 1 | 0 |
_aCajamarca competitiva / _cAlejandro Indacochea, [y otros 6]. |
| 264 | 1 |
_aLima, Perú : _bSaywa Ediciones, _c2001. |
|
| 250 | _aTercera edición. | ||
| 300 |
_a250 páginas : _bilustraciones ; _c24 centímetros |
||
| 336 |
_atext _2rdacontent |
||
| 337 |
_aunmediated _2rdamedia |
||
| 338 |
_avolume _2rdacarrier |
||
| 504 | _aBibliografía: páginas 247-250. | ||
| 505 | 0 | _aCuestiones previas -- En el humbral del siglo XXI: el contexto mundial -- El contexto nacional -- Los determianntes de la ventaja competitiva nacional: marco teórico -- Un poco de historia -- Cajamarca hoy: La subregión: Panorama general -- Energía -- Transporte -- Agricultura -- Forestación -- Sector pecuario -- Minería -- Turismo, Los determinantes de la ventaja competitiva en la subregión. -Cajamarca del futuro: Marco conceptual para la competitividad regional -- El potencial del sector lechero -- El potencial de la minería -- El potencial del turismo. | |
| 526 | _aP136 | ||
| 526 | _aP135 | ||
| 526 | _aP134 | ||
| 526 | _aP133 | ||
| 526 | _aP144 | ||
| 526 | _aP143 | ||
| 526 | _aP87 | ||
| 526 | _aP35 | ||
| 526 | _aP20 | ||
| 526 | _aP14 | ||
| 526 | _aP10 | ||
| 526 | _aP06 | ||
| 650 | 0 | 4 |
_aProductividad _zPerú, Cajamarca. |
| 651 |
_aCajamarca (Perú : Departamento) _xCondiciones económicas. |
||
| 700 | 1 |
_aIndacochea Cáceda, Alejandro, _d1951- , _eautor. |
|
| 910 |
_bjv _clch _d20070611 |
||
| 942 |
_2ddc _cBOOK |
||
| 949 |
_a985.15 I49 2003 _wDEWEY _c1 _i74617 _lCCODEBUL1 _mBUL _p21.00 _r0 _sY _tBOOK _u2016-09-21 _xFCE _PP04 _0COMPRA _o.STAFF. Colección General |
||
| 596 | _a1 | ||
| 999 |
_a985.15 I49 2001 _wLC _c12494 _i74617 _d12494 _f2021-11-8 _g6 _lCCODEBUL1 _mBUL _p21.00 _q1 _r0 _sY _tBOOK _u2016-9-21 _xBIBLIOTECA _PP04 _0COMPRA _o.STAFF. Colección Ciencias Empresariales |
||
| 999 |
_a985.15 I49 2001 _wLC _c2 _i74507 _d2017-12-3 _f2021-11-8 _g6 _lCCODEBUL1 _mBUL _q1 _r0 _sY _tBOOK _u2016-9-21 _xBIBLIOTECA _PP08 _0COMPRA _o.STAFF. Colección FCE |
||
| 980 |
_81 _gALBERTO SANCHEZ Responsable de Automatización |
||